00932 a2200169 45000010006000000050017000060080041000230030015000640400040000790800020001192450051001390200018001902640033002083000019002415050476002601000026007365322820260407155806.0260407a1982 arg spa dAR-UNSa-BCEJYS aAR-UNSa-BCEJYSbspacAR-UNSa-BCEJYS a330.14xCapital10aEl capital en la teoría de la distribución a84-281-0494-8 1aBarcelona :bOikos-tauc1982 a251 p.c21 cm. aParte 1: 1. La teoría del excedente - 2. La teoría Ricardiana de la ganacia - 3. El período medio de producción en la teroría Riardiana - 4. La medición del capital circualante - 5. La medición del capital fijo - Parte II: 1. El capital en las teorías de la productividad marginal - 2. La teoría de Walras I - 3. La teoría de Walras II - 4. La teoría de Wicksell I - 5. La medición en valor del capital desiponible - 6. La teoría de Wicksell II 1 aGaregnani, Pierangelo